[Event "Bernardo Smith Memorial"]
[Site "San Francisco"]
[Date "2005.08.20"]
[Round "2"]
[White "Zavortink, Matt"]
[Black "Dailey, Sean"]
[Result "1/2-1/2"]
[WhiteElo "1883"]
[BlackElo "1839"]
[PlyCount "79"]
[EventDate "2005.08.20"]
[EventType "swiss"]
[EventRounds "6"]
[EventCountry "USA"]

1. e4 c5 2. Nc3 Nc6 3. f4 d6 4. Bb5 Bd7 5. Bxc6 Bxc6 6. Nf3 Nf6 7. O-O e6 8. d3
Be7 9. Qe1 Qc7 10. a4 O-O 11. Qg3 Rad8 12. Bd2 c4 13. e5 dxe5 14. fxe5 Ne8 15.
Ng5 Qb6+ 16. Kh1 Qxb2 17. Ra2 Qb6 18. Nce4 Bxe4 19. Nxe4 f5 20. exf6 Bxf6 21.
dxc4 Kh8 22. Ra3 Be7 23. Raf3 Rxf3 24. Qxf3 Nf6 25. Bg5 Rf8 26. Bxf6 Bxf6 27.
Qa3 Kg8 28. Qg3 Qd8 29. Qb3 Be5 30. Rxf8+ Qxf8 31. Qd3 Qe7 32. g3 b6 33. Kg2 g6
34. Nf2 Qd6 35. Qe4 Kf7 36. Ng4 Bg7 37. Qb7+ Qe7 38. Qf3+ Kg8 39. Qc6 Kf7 40.
Qf3+ 1/2-1/2

[Event "Bernardo Smith Memorial"]
[Site "San Francisco"]
[Date "2005.08.20"]
[Round "3"]
[White "Chan, John"]
[Black "Karnad, Joshua"]
[Result "1/2-1/2"]
[WhiteElo "1644"]
[BlackElo "1746"]
[PlyCount "104"]
[EventDate "2005.08.20"]
[EventType "swiss"]
[EventRounds "6"]
[EventCountry "USA"]

1. c4 Nf6 2. Nc3 g6 3. Nf3 Bg7 4. d4 d6 5. g3 O-O 6. Bg2 Nfd7 7. O-O e5 8. e4
Nc6 9. d5 Ne7 10. b4 a5 11. b5 h6 12. Be3 Kh8 13. Qd2 Ng8 14. Rad1 b6 15. a4
Kh7 16. Nh4 Bf6 17. Nf3 Be7 18. h4 Ndf6 19. Nh2 Bd7 20. Ne2 Qc8 21. f4 exf4 22.
Nxf4 Ng4 23. Nxg4 Bxg4 24. Rde1 g5 25. hxg5 Bxg5 26. Nd3 f6 27. Nf4 Ne7 28. Qc3
Ng6 29. Nd3 Bxe3+ 30. Rxe3 Ne5 31. Nf4 Ng6 32. Kh2 Qd7 33. Nh3 Ne5 34. Rf4 Rf7
35. Nf2 Rg8 36. Kg1 h5 37. Nxg4 hxg4 38. Rf5 Kh6 39. Qc1 Rg5 40. Rc3 Kg6 41.
Qc2 Rh7 42. Re3 Qg7 43. Qf2 Rgh5 44. Kf1 Qe7 45. Ke1 Nxc4 46. Rxh5 Rxh5 47. Rc3
Ne5 48. Qf1 Nf7 49. Qf4 Nd8 50. Re3 Qe5 51. Qxe5 Rxe5 52. Rc3 Re8 {
remainder illegible} 1/2-1/2

[Event "Bernardo Smith Memorial"]
[Site "San Francisco"]
[Date "2005.08.20"]
[Round "3"]
[White "Dailey, Sean"]
[Black "Marshall, Martin"]
[Result "0-1"]
[WhiteElo "1839"]
[BlackElo "1981"]
[PlyCount "58"]
[EventDate "2005.08.20"]
[EventType "swiss"]
[EventRounds "6"]
[EventCountry "USA"]

1. c4 e5 2. Nc3 Nc6 3. Nf3 d6 4. g3 g6 5. Bg2 Bg7 6. O-O Be6 7. d3 h6 8. h3 Qd7
9. Kh2 Nge7 10. Rb1 f5 11. Nd2 h5 12. h4 g5 13. Nf3 gxh4 14. gxh4 f4 15. Ne4
Ng6 16. Neg5 Bg4 17. Qb3 Rb8 18. e3 O-O 19. Bd2 Nce7 20. e4 c5 21. Qc2 Bf6 22.
Rh1 Nxh4 23. Nxh4 Bxg5 24. Kg1 Bxh4 25. f3 Bg3 26. fxg4 hxg4 27. Be1 Bxe1 28.
Rxe1 Kg7 29. Qf2 Rh8 0-1

[Event "Bernardo Smith Memorial"]
[Site "San Francisco"]
[Date "2005.08.20"]
[Round "3"]
[White "Dunham, Tom"]
[Black "Litowsky, Dan"]
[Result "0-1"]
[WhiteElo "1206"]
[BlackElo "1700"]
[PlyCount "86"]
[EventDate "2005.08.20"]
[EventType "swiss"]
[EventRounds "6"]
[EventCountry "USA"]

1. e4 e5 2. Nf3 Nc6 3. d4 exd4 4. Nxd4 Nf6 5. Nxc6 bxc6 6. e5 Nd5 7. c4 Bb4+ 8.
Bd2 Bxd2+ 9. Qxd2 Ne7 10. Nc3 Ng6 11. f4 O-O 12. O-O-O Re8 13. g3 Rb8 14. c5
Qe7 15. Qd4 a5 16. a3 Nf8 17. Ne4 Ne6 18. Qc3 Ra8 19. Bg2 a4 20. h4 Rb8 21.
Rhf1 Rb3 22. Qc4 Rb5 23. Qxa4 Nxc5 24. Nxc5 Qxc5+ 25. Qc2 Qe3+ 26. Qd2 Rc5+ 27.
Kb1 Qxg3 28. Rf3 Qg6+ 29. Rd3 Ba6 30. Bf1 Rd5 31. Ka1 Bxd3 32. Bxd3 Qg3 33. Qc2
Qxh4 34. Qb3 Qxf4 35. Bxh7+ Kxh7 36. Qh3+ Qh6 37. Qf5+ Qg6 38. Rh1+ Kg8 39. Qh3
Kf8 40. Qh8+ Ke7 41. Qh4+ Ke6 42. Qh3+ Qf5 43. Qb3 Qxe5 0-1

[Event "Bernardo Smith Memorial"]
[Site "San Francisco"]
[Date "2005.08.20"]
[Round "3"]
[White "Duran, Robert"]
[Black "Livschitz, Jennifer"]
[Result "1-0"]
[WhiteElo "1507"]
[BlackElo "1123"]
[PlyCount "51"]
[EventDate "2005.08.20"]
[EventType "swiss"]
[EventRounds "6"]
[EventCountry "USA"]

1. d4 d5 2. c4 e6 3. Nc3 Nf6 4. Bg5 Be7 5. e3 c6 6. Nf3 Nbd7 7. Rc1 O-O 8. Bd3
h6 9. Bh4 Qc7 10. O-O dxc4 11. Bxc4 e5 12. Bg3 Qb6 13. dxe5 Nh5 14. e6 Ndf6 15.
exf7+ Kh8 16. Nh4 Bg4 17. Ng6+ Kh7 18. Qc2 Rfd8 19. Nxe7+ Kh8 20. f8=Q+ Rxf8
21. Ng6+ Kh7 22. Nxf8+ Kh8 23. Ng6+ Kh7 24. Ne5+ Kh8 25. Nf7+ Kg8 26. Bd6 1-0

[Event "Bernardo Smith Memorial"]
[Site "San Francisco"]
[Date "2005.08.20"]
[Round "3"]
[White "Gomatam, Nitin"]
[Black "Frost, Evan"]
[Result "1-0"]
[WhiteElo "1080"]
[BlackElo "1240"]
[PlyCount "75"]
[EventDate "2005.08.20"]
[EventType "swiss"]
[EventRounds "6"]
[EventCountry "USA"]

1. d4 d5 2. c4 dxc4 3. e4 Nf6 4. Nc3 Nc6 5. Nf3 e6 6. Bxc4 Be7 7. e5 Nd5 8. Qb3
Nxc3 9. bxc3 O-O 10. O-O b6 11. Bf4 Qd7 12. Rfd1 a6 13. a4 Na5 14. Qa2 Nxc4 15.
Qxc4 Bb7 16. Qe2 Qc6 17. c4 Rfd8 18. Qe3 b5 19. axb5 axb5 20. Rxa8 Rxa8 21.
cxb5 Qxb5 22. Rc1 Ba6 23. Nd2 Qa5 24. Qe4 Rb8 25. Qc6 Rc8 26. Nb3 Qb6 27. Qxb6
cxb6 28. Rxc8+ Bxc8 29. Bd2 Ba6 30. f4 Kf8 31. Kf2 Bc4 32. Nc1 b5 33. Ke3 b4
34. Nd3 b3 35. Bc3 Ke8 36. Nb2 Kd7 37. Nxc4 Kc6 38. Na3 {remainder illegible}
1-0

[Event "Bernardo Smith Memorial"]
[Site "San Francisco"]
[Date "2005.08.20"]
[Round "3"]
[White "Hilliard, Michael"]
[Black "Wilson, Stephen"]
[Result "1-0"]
[WhiteElo "1436"]
[BlackElo "1140"]
[PlyCount "66"]
[EventDate "2005.08.20"]
[EventType "swiss"]
[EventRounds "6"]
[EventCountry "USA"]

1. d4 d5 2. Nf3 Nf6 3. e3 Bg4 4. c4 e6 5. Qb3 Bxf3 6. gxf3 b6 7. cxd5 Qxd5 8.
Be2 Bd6 9. Nc3 Qxb3 10. axb3 c6 11. e4 e5 12. Be3 O-O 13. O-O-O a5 14. Rdg1 Kh8
15. h4 Nh5 16. Rg5 g6 17. dxe5 Be7 18. Rg2 Nd7 19. Bh6 Rg8 20. f4 Bf8 21. Bg5
Ng7 22. Bg4 Nc5 23. Kc2 b5 24. f3 b4 25. Ne2 a4 26. bxa4 Rxa4 27. Nd4 b3+ 28.
Nxb3 Nxb3 29. Kxb3 Rb4+ 30. Kc2 Rb6 31. Bf6 Rb7 32. h5 h6 33. hxg6 h5 1-0

[Event "Bernardo Smith Memorial"]
[Site "San Francisco"]
[Date "2005.08.20"]
[Round "3"]
[White "Howe, Alan"]
[Black "Woebcke, Carl"]
[Result "0-1"]
[WhiteElo "1645"]
[BlackElo "1751"]
[PlyCount "69"]
[EventDate "2005.08.20"]
[EventType "swiss"]
[EventRounds "6"]
[EventCountry "USA"]

1. d4 d5 2. Nf3 Nf6 3. c4 e6 4. Bg5 Be7 5. Nc3 O-O 6. e3 b6 7. Bxf6 Bxf6 8.
cxd5 exd5 9. Bd3 c5 10. O-O c4 11. Bc2 Ba6 12. e4 Bb7 13. e5 Be7 14. Qd2 f5 15.
b3 Bb4 16. a3 Bxc3 17. Qxc3 b5 18. a4 a6 19. axb5 axb5 20. Rxa8 Bxa8 21. Qb4
Bc6 22. Ra1 Qc8 23. Ra7 Qd8 24. Qc5 g6 25. h4 h6 26. g3 Rf7 27. e6 Rxa7 28.
Qxa7 Be8 29. Ne5 Qc8 30. Qe7 Nc6 31. Nxc6 Qxc6 32. Qf6 Qd6 33. g4 Qf8 34. Qxf8+
Kxf8 35. bxc4 0-1

[Event "Bernardo Smith Memorial"]
[Site "San Francisco"]
[Date "2005.08.20"]
[Round "3"]
[White "Krubnik, Ewelina"]
[Black "Liou, Arthur"]
[Result "0-1"]
[WhiteElo "1743"]
[BlackElo "1480"]
[PlyCount "79"]
[EventDate "2005.08.20"]
[EventType "swiss"]
[EventRounds "6"]
[EventCountry "USA"]

1. d4 e5 2. dxe5 Nc6 3. Nf3 f6 4. exf6 Nxf6 5. e3 d5 6. Be2 Bc5 7. O-O O-O 8.
b3 Bf5 9. Bb2 Ne4 10. Nd4 Qg5 11. Nxf5 Rxf5 12. Nd2 Nxf2 13. Rxf2 Bxe3 14. Nf3
Bxf2+ 15. Kxf2 Re8 16. Kg1 Qe3+ 17. Kf1 Ne5 18. Qxd5+ Kh8 19. Bxe5 Rexe5 20.
Qd3 Qc5 21. Qc4 Qe7 22. Rd1 h6 23. Qd3 Rd5 24. Qc3 Rde5 25. Bd3 Re3 26. Qd2 Rf8
27. Re1 Rxe1+ 28. Qxe1 Qd6 29. Qe4 Kg8 30. Qh7+ Kf7 31. Bc4+ Ke8 32. Qe4+ Kd8
33. Qd5 Qxd5 34. Bxd5 c6 35. Bc4 b5 36. Bd3 Kc7 37. Ke1 Kb6 38. Nd4 Rd8 39. Nf5
Rd7 40. g4 {remainder illegible} 0-1

[Event "Bernardo Smith Memorial"]
[Site "San Francisco"]
[Date "2005.08.20"]
[Round "3"]
[White "Lee, Andy"]
[Black "Pruess, David"]
[Result "1/2-1/2"]
[WhiteElo "2270"]
[BlackElo "2429"]
[PlyCount "69"]
[EventDate "2005.08.20"]
[EventType "swiss"]
[EventRounds "6"]
[EventCountry "USA"]

1. d4 Nf6 2. c4 g6 3. Nc3 Bg7 4. e4 O-O 5. Be2 d6 6. Nf3 e5 7. O-O Nc6 8. d5
Ne7 9. Nd2 Ne8 10. b4 f5 11. c5 Bh6 12. exf5 Nxf5 13. Nde4 Bxc1 14. Rxc1 a5 15.
b5 Nf6 16. Qd2 Nxe4 17. Nxe4 Nd4 18. Bc4 Rf4 19. f3 Bf5 20. Qe3 Bxe4 21. fxe4
Rxf1+ 22. Rxf1 b6 23. c6 a4 24. Qh6 Qe7 25. h4 Qg7 26. Qg5 h6 27. Qg4 Rd8 28.
Rf2 Kh7 29. Qd1 Rf8 30. Rxf8 Qxf8 31. Qxa4 Qf4 32. Qa7 Qe3+ 33. Kh2 Qf4+ 34.
Kg1 Qe3+ 35. Kh2 1/2-1/2

[Event "Bernardo Smith Memorial"]
[Site "San Francisco"]
[Date "2005.08.20"]
[Round "3"]
[White "Luke, Gary"]
[Black "Aigner, Michael"]
[Result "0-1"]
[WhiteElo "1820"]
[BlackElo "2285"]
[PlyCount "62"]
[EventDate "2005.08.20"]
[EventType "swiss"]
[EventRounds "6"]
[EventCountry "USA"]

1. d4 f5 2. Bg5 h6 3. Bh4 g5 4. Bg3 Nf6 5. Be5 Bg7 6. d5 d6 7. Bc3 Nbd7 8. g3
Nc5 9. Bg2 Bd7 10. Nd2 Na4 11. Bd4 c5 12. dxc6 bxc6 13. Nc4 O-O 14. c3 Nb6 15.
Nxb6 axb6 16. Qb3+ Kh8 17. Bxb6 Qc8 18. a4 Nd5 19. Bxd5 cxd5 20. Nf3 Qa6 21. a5
Bb5 22. Nd4 Bc4 23. Qd1 Qc8 24. O-O f4 25. Re1 e5 26. b3 Ba6 27. Nf3 Bb7 28.
Qd2 Qh3 29. Rec1 d4 30. Ne1 fxg3 31. hxg3 Qh1# 0-1

[Event "Bernardo Smith Memorial"]
[Site "San Francisco"]
[Date "2005.08.20"]
[Round "3"]
[White "Perepelitsky, Philipp"]
[Black "Vayntrub, Dmitry"]
[Result "0-1"]
[WhiteElo "2066"]
[BlackElo "2075"]
[PlyCount "70"]
[EventDate "2005.08.20"]
[EventType "swiss"]
[EventRounds "6"]
[EventCountry "USA"]

1. d4 c5 2. d5 e5 3. e4 d6 4. f4 Nd7 5. Nc3 a6 6. a4 Ne7 7. Nf3 exf4 8. Bxf4
Ng6 9. Bg3 Be7 10. Bc4 Qb6 11. O-O Bf6 12. Rb1 Be5 13. Nxe5 Ndxe5 14. Be2 O-O
15. Bh5 Qc7 16. Bxg6 Nxg6 17. e5 dxe5 18. d6 Qc6 19. Nd5 f6 20. h4 Qxd6 21. Qf3
Ne7 22. Nc3 Qc6 23. Qf2 Bg4 24. Rbe1 Rad8 25. Ne4 Rd4 26. Ng5 Ng6 27. Nf3 Bxf3
28. gxf3 Rfd8 29. h5 Nf4 30. Bxf4 Rxf4 31. h6 gxh6 32. Qh2 Kh8 33. Qxh6 Rg8+
34. Kh2 Rxf3 35. Rg1 Rf2+ 0-1

[Event "Bernardo Smith Memorial"]
[Site "San Francisco"]
[Date "2005.08.20"]
[Round "3"]
[White "Roper, Lee"]
[Black "Tamondong, Cesar"]
[Result "0-1"]
[WhiteElo "1135"]
[BlackElo "1511"]
[PlyCount "43"]
[EventDate "2005.08.20"]
[EventType "swiss"]
[EventRounds "6"]
[EventCountry "USA"]

1. d4 Nf6 2. Nf3 g6 3. Bf4 Bg7 4. e3 O-O 5. Bd3 c5 6. c3 cxd4 7. cxd4 Nc6 8.
Nbd2 d5 9. O-O Nh5 10. Be5 f6 11. Bg3 Nxg3 12. fxg3 e5 13. dxe5 fxe5 14. Nh4 e4
15. Be2 Bxb2 16. Rb1 Bg7 17. Qb3 g5 18. Nxe4 Rxf1+ 19. Rxf1 gxh4 20. gxh4 Nb4
21. Nf6+ Bxf6 22. Qxb4 {remainder illegible} 0-1

[Event "Bernardo Smith Memorial"]
[Site "San Francisco"]
[Date "2005.08.20"]
[Round "3"]
[White "Sanguinetti, George"]
[Black "Perepelitsky, Edward"]
[Result "0-1"]
[WhiteElo "1978"]
[BlackElo "1974"]
[PlyCount "66"]
[EventDate "2005.08.20"]
[EventType "swiss"]
[EventRounds "6"]
[EventCountry "USA"]

1. d4 Nf6 2. c4 g6 3. f3 Bg7 4. e4 d6 5. Be3 O-O 6. Ne2 e5 7. Na3 c6 8. Qd2
Nbd7 9. O-O-O Re8 10. d5 cxd5 11. cxd5 h5 12. Kb1 Nf8 13. h3 N8h7 14. Rc1 Re7
15. Nc3 a6 16. Nc4 b5 17. Bb6 Qd7 18. Na5 Rb8 19. Qf2 Bb7 20. Nc6 Bxc6 21. dxc6
Qe6 22. c7 Rc8 23. a3 d5 24. exd5 Nxd5 25. Nxd5 Qxd5 26. Qc5 Qe6 27. a4 Nf6 28.
axb5 Nd7 29. Qc6 Nxb6 30. Qb7 axb5 31. Bxb5 e4 32. Ba6 Qb3 33. Rc2 Rexc7 0-1

[Event "Bernardo Smith Memorial"]
[Site "San Francisco"]
[Date "2005.08.20"]
[Round "3"]
[White "Schwarz, Daniel"]
[Black "Da Cruz, Michael"]
[Result "0-1"]
[WhiteElo "2158"]
[BlackElo "1800"]
[PlyCount "85"]
[EventDate "2005.08.20"]
[EventType "swiss"]
[EventRounds "6"]
[EventCountry "USA"]

1. e4 c5 2. Nc3 e6 3. g3 d5 4. exd5 exd5 5. d3 Nf6 6. Bg2 Be7 7. Nge2 O-O 8.
O-O Nc6 9. Nf4 Bg4 10. f3 Bf5 11. g4 Be6 12. Nce2 Bd6 13. Qe1 Qc7 14. Qh4 Nd4
15. Nxd4 Bxf4 16. Nxe6 fxe6 17. g5 Bxc1 18. Raxc1 Ne8 19. Bh3 Qb6 20. Rce1 Nc7
21. Qg3 Rae8 22. Qe5 Re7 23. f4 Ref7 24. c4 Qa6 25. f5 exf5 26. Rxf5 dxc4 27.
Ref1 Rxf5 28. Rxf5 Rxf5 29. Bxf5 Qc6 30. dxc4 b6 31. Kf2 g6 32. Be4 Qd7 33. Ke3
Qh3+ 34. Bf3 Qe6 35. Bd5 Nxd5+ 36. Ke4 Qxe5+ 37. Kxe5 Nb4 38. Kd6 Nxa2 39. Kc6
Nb4+ 40. Kb7 Nd3 41. b3 Nc1 42. Kxa7 Nxb3 43. Kxb6 0-1

[Event "Bernardo Smith Memorial"]
[Site "San Francisco"]
[Date "2005.08.20"]
[Round "3"]
[White "Starr, Albert"]
[Black "Yeh, Andrew"]
[Result "1-0"]
[WhiteElo "1527"]
[BlackElo "1262"]
[PlyCount "117"]
[EventDate "2005.08.20"]
[EventType "swiss"]
[EventRounds "6"]
[EventCountry "USA"]

1. b4 e6 2. Bb2 Nf6 3. b5 c6 4. a4 d5 5. e3 Bd6 6. Nf3 a6 7. Be2 Qe7 8. O-O O-O
9. c4 e5 10. d3 Be6 11. Nbd2 Nbd7 12. Ng5 a5 13. Nxe6 fxe6 14. Bf3 c5 15. e4 d4
16. Bc1 b6 17. g3 h6 18. Bg2 Nh7 19. Nf3 Rf6 20. Bd2 Raf8 21. Qe2 Kh8 22. h4
Qf7 23. Nh2 Qg8 24. Bh3 Rd8 25. Qe1 Ndf8 26. Bxa5 bxa5 27. Qxa5 Nd7 28. Qd2 Ra8
29. a5 Bc7 30. b6 Nxb6 31. axb6 Bxb6 32. Ng4 Rff8 33. Nxe5 Rf6 34. Nd7 e5 35.
Nxf6 gxf6 36. Rxa8 Qxa8 37. Qxh6 Qf8 38. Qxf8+ Nxf8 39. f4 f5 40. Bxf5 exf4 41.
Rxf4 Kg7 42. g4 Ba5 43. g5 Kg8 44. h5 Bd2 45. Rg4 Be3+ 46. Kg2 Kh8 47. e5 Bd2
48. e6 Nxe6 49. Bxe6 Be3 50. g6 Bg5 51. Re4 Bf4 52. Bd5 Bg5 53. Re8+ Kg7 54.
Rg8+ Kh6 55. Rh8+ Kg7 56. Rh7+ Kf6 57. g7 Ke5 58. g8=Q Kd6 59. Qe6# 1-0

[Event "Bernardo Smith Memorial"]
[Site "San Francisco"]
[Date "2005.08.20"]
[Round "3"]
[White "Vora, Partha"]
[Black "Salvo, Tab"]
[Result "0-1"]
[WhiteElo "1536"]
[BlackElo "1651"]
[PlyCount "21"]
[EventDate "2005.08.20"]
[EventType "swiss"]
[EventRounds "6"]
[EventCountry "USA"]

1. e4 d6 2. d4 Nf6 3. Nc3 g6 4. Nf3 Bg7 5. Be2 O-O 6. O-O Re8 7. Be3 Na6 8. Qd2
c5 9. d5 Nc7 10. Rfe1 a6 11. a4 {remainder illegible} 0-1

[Event "Bernardo Smith Memorial"]
[Site "San Francisco"]
[Date "2005.08.20"]
[Round "3"]
[White "Young, Greg"]
[Black "Oza, Nikunj"]
[Result "1/2-1/2"]
[WhiteElo "1871"]
[BlackElo "1856"]
[PlyCount "101"]
[EventDate "2005.08.20"]
[EventType "swiss"]
[EventRounds "6"]
[EventCountry "USA"]

1. e4 e5 2. Nf3 Nf6 3. Nc3 Bb4 4. d3 Nc6 5. Bd2 O-O 6. Be2 Re8 7. O-O a6 8. a3
Bc5 9. Bg5 h6 10. Bxf6 Qxf6 11. Nd5 Qd8 12. b4 Ba7 13. c4 d6 14. Rc1 Ne7 15.
Nd2 c6 16. Nxe7+ Qxe7 17. Bg4 Qg5 18. Bxc8 Raxc8 19. Nf3 Qg4 20. h3 Qf4 21. Qd2
Qf6 22. Rb1 Rc7 23. b5 cxb5 24. cxb5 axb5 25. Qa5 b6 26. Qxb5 Rec8 27. Nd2 Rc5
28. Qa6 R8c7 29. Nc4 d5 30. exd5 Rxd5 31. Rb5 Rxd3 32. Nxe5 Rd2 33. Nf3 Ra2 34.
Qa4 Qd6 35. Qb4 Qd3 36. Re1 Re2 37. Rxe2 Qxe2 38. Re5 Rc1+ 39. Kh2 Bb8 40. Qf4
Bxe5 41. Nxe5 Rc7 42. Qd4 Qc2 43. Qxb6 Qc5 44. Qb2 Rc8 45. Nf3 Ra8 46. a4 Qd6+
47. g3 Rxa4 48. Qb5 Qd1 49. Qe8+ Kh7 50. Qxf7 Qc2 51. Ng5+ 1/2-1/2

[Event "Bernardo Smith Memorial"]
[Site "San Francisco"]
[Date "2005.08.21"]
[Round "4"]
[White "Gomatam, Arun"]
[Black "Chan, John"]
[Result "1-0"]
[WhiteElo "1389"]
[BlackElo "1644"]
[PlyCount "115"]
[EventDate "2005.08.20"]
[EventType "swiss"]
[EventRounds "6"]
[EventCountry "USA"]

1. d4 Nf6 2. c4 d6 3. Nf3 h6 4. Nc3 c6 5. e4 Bg4 6. Be2 Bxf3 7. Bxf3 Nbd7 8.
O-O e5 9. d5 Be7 10. Be3 c5 11. Qb3 b6 12. Qc2 g5 13. Qe2 Nf8 14. Rab1 Ng6 15.
g3 Qd7 16. b4 g4 17. Bg2 h5 18. bxc5 bxc5 19. Bg5 Nh7 20. Bxe7 Qxe7 21. Rb2 O-O
22. Rfb1 Ng5 23. Rb7 Qf6 24. Rd7 Nf3+ 25. Bxf3 gxf3 26. Qe3 h4 27. Rbb7 hxg3
28. hxg3 Rab8 29. Rxa7 Nf4 30. Qxf3 Nh3+ 31. Kg2 Qxf3+ 32. Kxf3 Rb2 33. Ne2 Rd2
34. Ke3 Rd1 35. Rxd6 Kg7 36. Rc6 Rf1 37. f4 exf4+ 38. gxf4 Re1 39. Kd2 Rb1 40.
d6 Nf2 41. Ke3 Nd1+ 42. Kf3 Nb2 43. Rxc5 Rf1+ 44. Kg2 Re1 45. Rg5+ Kh6 46. Ng3
Nd3 47. Kf3 Rc1 48. Ra6 Rc3 49. d7+ Kh7 50. Rd6 Nc5+ 51. Kf2 Ne6 52. Re5 Ra8
53. Rexe6 Rxa2+ 54. Ne2 Rcc2 55. Rh6+ Kg7 56. d8=Q Rxe2+ 57. Kf3 Rf2+ 58. Kg4
1-0

[Event "Bernardo Smith Memorial"]
[Site "San Francisco"]
[Date "2005.08.21"]
[Round "4"]
[White "Litowsky, Dan"]
[Black "Gomatam, Nitin"]
[Result "1-0"]
[WhiteElo "1700"]
[BlackElo "1080"]
[PlyCount "71"]
[EventDate "2005.08.20"]
[EventType "swiss"]
[EventRounds "6"]
[EventCountry "USA"]

1. e4 c5 2. Nc3 Nc6 3. Bc4 Nf6 4. a3 d6 5. d3 g6 6. h3 Bg7 7. Bg5 O-O 8. Nf3 a6
9. O-O b5 10. Ba2 Bb7 11. Qd2 b4 12. axb4 cxb4 13. Ne2 Rc8 14. Bh6 a5 15. Bb3
Re8 16. Bxg7 Kxg7 17. Ng3 e6 18. c3 Nd7 19. Nh2 h5 20. f4 Nc5 21. Bc2 b3 22.
Bd1 Na7 23. Bf3 Ba6 24. Be2 Bb7 25. Nf3 Qb6 26. Kh2 f6 27. Nd4 Nc6 28. Nf3 Ne7
29. Nh4 f5 30. Bf3 d5 31. e5 Ba6 32. Be2 Nc6 33. Nf3 Red8 34. Ng5 d4 35. c4 a4
36. Rf3 {remainder illegible} 1-0

[Event "Bernardo Smith Memorial"]
[Site "San Francisco"]
[Date "2005.08.21"]
[Round "4"]
[White "Oza, Nikunj"]
[Black "Purcell, Brendan"]
[Result "1-0"]
[WhiteElo "1856"]
[BlackElo "1825"]
[PlyCount "89"]
[EventDate "2005.08.20"]
[EventType "swiss"]
[EventRounds "6"]
[EventCountry "USA"]

1. d4 d5 2. Nf3 Nf6 3. Bf4 g6 4. c3 Bg7 5. h3 b6 6. e3 Bb7 7. Nbd2 O-O 8. Be2
Nbd7 9. O-O c5 10. Ne5 Nxe5 11. Bxe5 Nd7 12. Bxg7 Kxg7 13. f4 e6 14. Bd3 cxd4
15. exd4 Qc7 16. Qg4 Nf6 17. Qe2 Nh5 18. Qg4 Nf6 19. Qf3 Qc8 20. Rf2 Ba6 21.
Bc2 Qd7 22. g4 Qb5 23. Rb1 Nd7 24. h4 f6 25. g5 f5 26. Qe3 Qc6 27. Nf3 Qd6 28.
Re1 Rfe8 29. Rh2 Re7 30. Kf2 Rh8 31. h5 Kg8 32. Reh1 gxh5 33. Rxh5 Rg7 34. Re1
Nf8 35. Ne5 Ng6 36. Rh6 Nxe5 37. Qxe5 Qxe5 38. Rxe5 Bc8 39. Bxf5 Kf7 40. Bxe6+
Bxe6 41. Rexe6 Rf8 42. Rhf6+ Kg8 43. Rxf8+ Kxf8 44. Rd6 Kf7 45. Kf3 1-0

[Event "Bernardo Smith Memorial"]
[Site "San Francisco"]
[Date "2005.08.21"]
[Round "4"]
[White "Perepelitsky, Edward"]
[Black "Lee, Andy"]
[Result "1/2-1/2"]
[WhiteElo "1974"]
[BlackElo "2270"]
[PlyCount "111"]
[EventDate "2005.08.20"]
[EventType "swiss"]
[EventRounds "6"]
[EventCountry "USA"]

1. d4 Nf6 2. c4 c5 3. d5 b5 4. cxb5 a6 5. bxa6 g6 6. Nc3 Bxa6 7. e4 Bxf1 8.
Kxf1 d6 9. Nf3 Bg7 10. h3 O-O 11. Kg1 Nbd7 12. Kh2 Qa5 13. Bd2 Rfb8 14. Qc2 Qa6
15. Rhe1 Ne8 16. Nd1 Ne5 17. Nxe5 Bxe5+ 18. f4 Bd4 19. Bc3 Bxc3 20. Nxc3 Nc7
21. e5 Nb5 22. Nxb5 Rxb5 23. b3 Rb4 24. Re4 Qa3 25. exd6 exd6 26. Rxb4 Qxb4 27.
Qc4 Qd2 28. Qe4 Kg7 29. Rf1 Qxa2 30. f5 Qxb3 31. f6+ Kg8 32. Rb1 Qc3 33. Qf4
Qe5 34. Qxe5 dxe5 35. Rc1 Ra6 36. Rxc5 Rxf6 37. d6 Rxd6 38. Rxe5 Kg7 39. g4 h6
40. h4 Rd3 41. Ra5 Kf6 42. Kg2 Ke6 43. Ra7 f5 44. Rh7 h5 45. gxh5 gxh5 46. Rxh5
Ke5 47. Rh8 Kf4 48. Ra8 Rd2+ 49. Kh3 Ke3 50. Ra3+ Rd3 51. Rxd3+ Kxd3 52. h5 f4
53. h6 f3 54. h7 f2 55. h8=Q f1=Q+ 56. Kg4 1/2-1/2

[Event "Bernardo Smith Memorial"]
[Site "San Francisco"]
[Date "2005.08.21"]
[Round "4"]
[White "Starr, Albert"]
[Black "Sathe, Rohan"]
[Result "0-1"]
[WhiteElo "1527"]
[BlackElo "1694"]
[PlyCount "53"]
[EventDate "2005.08.20"]
[EventType "swiss"]
[EventRounds "6"]
[EventCountry "USA"]

1. d4 f5 2. Nf3 e6 3. Bf4 d5 4. e3 Bd6 5. Bg3 Nf6 6. c4 Ne4 7. c5 Nxg3 8. hxg3
Be7 9. Ne5 O-O 10. Qh5 h6 11. g4 Qe8 12. Qh3 Nd7 13. Nxd7 Bxd7 14. gxf5 exf5
15. Qh2 f4 16. e4 dxe4 17. Bc4+ Kh8 18. Nc3 Bg5 19. O-O-O f3+ 20. Kb1 Bf5 21.
Ka1 Bg4 22. Rde1 fxg2 23. Qxg2 Bf3 24. Qxg5 Bxh1 25. Rxh1 Rxf2 26. Rxh6+ gxh6
27. Qxh6# 0-1

[Event "Bernardo Smith Memorial"]
[Site "San Francisco"]
[Date "2005.08.21"]
[Round "4"]
[White "Tamondong, Cesar"]
[Black "Sowell, Nelson"]
[Result "0-1"]
[WhiteElo "1511"]
[BlackElo "1758"]
[PlyCount "73"]
[EventDate "2005.08.20"]
[EventType "swiss"]
[EventRounds "6"]
[EventCountry "USA"]

1. d4 Nf6 2. Nf3 e6 3. g3 b6 4. Bg2 Bb7 5. O-O Be7 6. c4 O-O 7. Nc3 d5 8. Ne5
Qc8 9. Re1 c5 10. Bf4 dxc4 11. Bxb7 Qxb7 12. dxc5 Bxc5 13. Nxc4 Bxf2+ 14. Kxf2
Ng4+ 15. Kg1 Qc6 16. e3 h5 17. Ne5 Nxe5 18. Bxe5 Nd7 19. Qxh5 Qc5 20. Ne4 Qxe5
21. Qh4 f5 22. Rad1 Nf6 23. Nxf6+ Rxf6 24. Rd7 Qxb2 25. Red1 Raf8 26. Qg5 Rh6
27. h4 Kh7 28. R1d4 Rg6 29. Qf4 Qa1+ 30. Kf2 Qxa2+ 31. Kf3 Qh2 32. Rd2 Qh1+ 33.
Rg2 Rc8 34. Rc7 Rd8 35. Rcc2 Rd1 36. e4 Rg4 37. Qe3 {remainder illegible} 0-1

[Event "Bernardo Smith Memorial"]
[Site "San Francisco"]
[Date "2005.08.21"]
[Round "4"]
[White "Tsai, Chris"]
[Black "Krubnik, Ewelina"]
[Result "0-1"]
[WhiteElo "1491"]
[BlackElo "1743"]
[PlyCount "105"]
[EventDate "2005.08.20"]
[EventType "swiss"]
[EventRounds "6"]
[EventCountry "USA"]

1. d4 d5 2. Nf3 Nf6 3. Bg5 e6 4. e3 c6 5. Nbd2 Be7 6. c3 O-O 7. Bd3 Nbd7 8. Qc2
Qc7 9. Bxh7+ Nxh7 10. Bxe7 Re8 11. Bg5 e5 12. dxe5 Nxe5 13. Nxe5 {nam} Nxg5 14.
Nef3 Ne4 15. Nxe4 dxe4 16. Nd4 c5 17. Nb5 Qc6 18. Na3 b5 19. Qb3 a6 20. Rd1 Qg6
21. g3 Bg4 22. Rd5 Be6 23. O-O c4 24. Qd1 Bxd5 25. Qxd5 Rad8 26. Qc5 Rd2 27.
Qb4 Red8 28. Qa5 Qd6 29. Kg2 Rxb2 30. Nb1 Qd3 31. h4 Re8 32. Na3 Rxa2 33. Qxa6
Qd7 34. Qxb5 Qxb5 35. Nxb5 Rc2 36. Rd1 Rb8 37. Rd5 Ra8 38. Re5 Ra5 39. Rd5 Raa2
40. Rf5 g6 41. Rf6 Kg7 42. Rf4 Ra5 43. Nd6 f5 44. Nxc4 Ra1 45. g4 Rcc1 46. f3
Rxc3 47. Nd6 Rd1 48. Nb5 Rxe3 49. gxf5 Rd2+ 50. Kg3 Rxf3+ 51. Rxf3 exf3 52.
Kxf3 gxf5 53. Kg3 {remainder illegible} 0-1